000
00276nam a22001217a 4500
008
190129b xxu||||| |||| 00| 0 eng d
041
_a
eng
080
_a
316
100
_a
50
101
_a
SOC
245
_a
Social Dimension of Family treatment
_c
Mostwin,D
942
_2
udc
_c
BK
999
_c
53843
_d
53843